000 00555nam a2200157Ia 4500
008 100122s9999 xx 000 0 und d
082 _b57457
_a808.6
100 _aभट सुरेश
245 _aपत्रे सुरेश भटांची
260 _bप्रदीप क्षीरसागर
_c1992
300 _a71
630 _aपत्रे सुरेश भटांची
700 _aपचिंद्रे श्रीराम ग
730 _aपत्रे सुरेश भटांची
942 _cBOOK
999 _c433646
_d433643